Operaciones ginecológicas y sus fundamentos anatomo-topográficos / (Record no. 100399)

MARC details
000 -LEADER
campo de control de longitud fija 00729nam a2200205 i 4500
001 - NÚMERO DE CONTROL
campo de control 100399
003 - IDENTIFICADOR DE NÚMERO DE CONTROL
campo de control ES-MaACL
005 - FECHA Y HORA DE LA ÚLTIMA TRANSACCIÓN
campo de control 20250831125831.0
007 - CAMPO FIJO DE DESCRIPCIÓN FÍSICA--INFORMACIÓN GENERAL
campo de control de longitud fija t|
008 - DATOS DE LONGITUD FIJA--INFORMACIÓN GENERAL
campo de control de longitud fija 050928s1957 sp ||||1| spa d
100 1# - ENTRADA PRINCIPAL--NOMBRE DE PERSONA
Nombre de persona Martius, Heinrich.
9 (RLIN) 78519
245 10 - MENCIÓN DEL TÍTULO
Título Operaciones ginecológicas y sus fundamentos anatomo-topográficos /
Mención de responsabilidad, etc. por el Prof. Varela Radio; puesta al día según la séptima edición alemana por el Dr. M. Varela Uña.
250 ## - MENCION DE EDICION
Mención de edición 3ª ed.
260 ## - PUBLICACIÓN, DISTRIBUCIÓN, ETC.
Lugar de publicación, distribución, etc. Barcelona :
Nombre del editor, distribuidor, etc. Labor,
Fecha de publicación, distribución, etc. 1957.
300 ## - DESCRIPCIÓN FÍSICA
Extensión XX, 416 p., 23 lám. :
Otras características físicas il. ;
Dimensiones 27 cm.
700 1# - ENTRADA AGREGADA--NOMBRE PERSONAL
Nombre de persona Varela Radio, Manuel,
Fechas asociadas al nombre 1873-1962
9 (RLIN) 113172
700 1# - ENTRADA AGREGADA--NOMBRE PERSONAL
Nombre de persona Varela Uña, Manuel.
9 (RLIN) 113174
852 ## - LOCALIZACIÓN
Ubicación ES-MaACL
Número de control de estantería C-12809
Sublocalización o colección R.40147
Holdings
Estatus retirado Estado de pérdida Estado de daño No para préstamo Biblioteca de origen Biblioteca actual Ubicación en estantería Fecha de adquisición Fuente de adquisición Total de préstamos Signatura topográfica completa Código de barras Visto por última vez Precio de reemplazo Tipo de ítem Koha
        Biblioteca del Ateneo de Madrid Biblioteca del Ateneo de Madrid Sala Palomar 17/01/2008     C-12809 1104829 23/02/2023 23/02/2023 Libro impreso